Anagrammes pays d'Europe - Statistiques

Statistiques générales
  • Ce quiz a été pris 610 fois
  • Le résultat moyen est 13 sur 17
Statistiques - réponses
Anagramme Pays % Correct
Gercé Grèce
97%
Issues Suisse
92%
Baleina Albanie
86%
Sieurs Russie
84%
Métal Malte
83%
Tiqueur Turquie
82%
Brisée Serbie
80%
Coterai Croatie
77%
Aumônier Roumanie
76%
Besoin Bosnie
75%
Landier Irlande
75%
Etoilent Lettonie
72%
Chuterai Autriche
68%
Ci-avant Vatican
67%
Aldines Islande
64%
Manière Arménie
54%
Régalèrent Angleterre
49%
Aucun quiz correspondant
Distribution des résultats
% des personnes avec chaque résultat
Percentile par nombre de réponses
Votre historique - résultats
Vous n’avez pas pris ce quiz